Score 0/16 Timer 03:00
1 Play Today
Literary Work Missing Word % Correct
___ of AfricaOut
85%
________ in the MistGorillas
79.2%
____ & Times of Michael KLife
77.3%
Death on the ____Nile
76.8%
_____ of DarknessHeart
76%
____ Free: A Lioness of Two WorldsBorn
74%
Things Fall _____Apart
72.8%
Tarzan of the ____Apes
72%
Literary Work Missing Word % Correct
___ the Beloved CountryCry
69%
A Bend in the _____River
61.2%
Long Walk to _______Freedom
60.2%
The _____ of KilimanjaroSnows
44.5%
The ____ FeathersFour
28.5%
The Power of ___One
25.7%
A Dry _____ SeasonWhite
18.7%
'______ Harold'...and the BoysMaster
15.3%

Today's Daily Dose

Remove Ads.
Support Sporcle.
Get the best of Sporcle when you Go Orange. This ad-free experience offers more features, more stats, and more fun while also helping to support Sporcle. Thank you for becoming a member.

You're not logged in!

Compare scores with friends on all Sporcle quizzes.
OR
Log In

Show Comments

Extras

Top Quizzes Today


Score Distribution

Your Account Isn't Verified!

In order to create a playlist on Sporcle, you need to verify the email address you used during registration. Go to your Sporcle Settings to finish the process.

Report this User

Report this user for behavior that violates our Community Guidelines.

Details: